Statistiques concernant Culture Générale - Série 615

Cliquez ici pour prendre le quiz!

Statistiques générales

  • Ce quiz a été pris 169 fois
  • Le résultat moyen est 7 sur 10

Statistiques - réponses

QuestionRéponse% Correct
Traditionnellement, dans quelle boisson trempe-t-on le pain pour réaliser du pain perdu ?lait
94%
Quel nom de reptile, peut-on former, avec toutes les lettres du mot : "tourte" ?tortue
94%
Dans quel pays se situe le barrage d'Assouan ?Égypte
85%
Quelle émission culte, présentée entre autres par Guy Lux et Léon Zitrone, est arrivée en France l'été 1962 ?Intervilles
77%
A quel peintre impressionniste français doit-on le tableau : "Coquelicots" en 1873 ?Claude Monet
76%
Quel adjectif est associé au mot "briscard" pour désigner familièrement un homme très expérimenté ?vieux
71%
Comment appelle-t-on les habitants de Tours ?Tourangeaux
69%
Quelle actrice interprète l'héroïne de la série télévisée "Soeur Thérèse.com" ?Dominique Lavanant
59%
Si la Palme d'Or est la plus haute distinction du Festival de Cannes, quelle est celle de la Mostra de Venise ?Le Lion d'Or
51%
Quel était le surnom de l'équipe de France de handball, devenue championne olympique à Pékin en 2008 ?Les Experts
33%

Distribution des résultats

Percentile par nombre de réponses

% des personnes avec chaque résultat

Votre développement - résultats

Vous n’avez pas pris ce quiz